00530nam a2200193Ia 4500003000400000005001700004008004100021020001800062040000700080041001200087082002200099100001500121245007800136260004100214300003000255365001300285650002300298650001500321OSt20250710171915.0210423s2010 xx 000 0 und d a9788175415652 cAL aEnglish a070.195954 bJOSE aJoseph K V aEconomics of culture industry: television in Indiab: television in India aNew DelhibShipra Publicationsc2010 axvi,206p.bPBc22x14.5cm. b595cINR aJournalism & Media aMass Media